| 000 | 00992nam a2200277Ia 4500 | ||
|---|---|---|---|
| 003 | OSt | ||
| 005 | 20221005022749.0 | ||
| 006 | a|||||r|||| 00| 0 | ||
| 007 | ta | ||
| 008 | 221004b |||||||| |||| 00| 0 eng d | ||
| 020 |
_a987 90 272 3095 9 (hbk) _c8986.89 |
||
| 024 | _a89017 | ||
| 037 |
_b156, 28/12/2007, Prachi Book Distributors _cTextual |
||
| 040 |
_aCRL _cCRL _beng |
||
| 041 |
_2eng _aeng |
||
| 082 | _aPjNDO, P7 | ||
| 100 |
_aButler Chistopher S. Ed. _9578625 |
||
| 245 | 0 |
_aFunctional perspectives on grammar and discoveries _b in honour of Angela Downing |
|
| 260 |
_aAmsterdam _bJohn Benjamins Publishing Company U.S.A _c2007 |
||
| 300 |
_axxx, 480p. _ccm. |
||
| 650 | _aLINGUISTICS | ||
| 700 |
_a Downing Raquel Hidalgo Ed. _9578626 |
||
| 700 |
_a Lavid Julia Ed. _9578627 |
||
| 942 |
_hPjNDO, P7 _cTEXL _2cc |
||
| 999 |
_c929999 _d929999 |
||